Critical discourse analysis : theory and interdisciplinarity / (Record no. 559)

000 -LEADER
fixed length control field 01156cam a2200289 a 4500
001 - CONTROL NUMBER
control field 12870913
003 - CONTROL NUMBER IDENTIFIER
control field OSt
005 - DATE AND TIME OF LATEST TRANSACTION
control field 20140116120831.0
008 - FIXED-LENGTH DATA ELEMENTS--GENERAL INFORMATION
fixed length control field 020726s2003 enka b 001 0 eng
010 ## - LIBRARY OF CONGRESS CONTROL NUMBER
LC control number 2002030260
020 ## - INTERNATIONAL STANDARD BOOK NUMBER
International Standard Book Number 9780230555143
040 ## - CATALOGING SOURCE
Transcribing agency DLC
Modifying agency DLC
050 00 - LIBRARY OF CONGRESS CALL NUMBER
Classification number P302.C75 2003
245 00 - TITLE STATEMENT
Title Critical discourse analysis : theory and interdisciplinarity /
Statement of responsibility, etc edited by Gilbert Weiss and Ruth Wodak.
260 ## - PUBLICATION, DISTRIBUTION, ETC. (IMPRINT)
Place of publication, distribution, etc Houndmills, Basingstoke, Hampshire ;
-- New York :
Name of publisher, distributor, etc Palgrave Macmillan,
Date of publication, distribution, etc 2003.
300 ## - PHYSICAL DESCRIPTION
Extent xi, 321 p. :
Other physical details ill.
504 ## - BIBLIOGRAPHY, ETC. NOTE
Bibliography, etc Includes bibliographical references and index.
650 #0 - SUBJECT ADDED ENTRY--TOPICAL TERM
Topical term or geographic name as entry element Discourse analysis.
650 #0 - SUBJECT ADDED ENTRY--TOPICAL TERM
Topical term or geographic name as entry element Interdisciplinary approach to knowledge.
700 1# - ADDED ENTRY--PERSONAL NAME
Personal name Weiss, Gilbert.
700 1# - ADDED ENTRY--PERSONAL NAME
Personal name Wodak, Ruth
856 42 - ELECTRONIC LOCATION AND ACCESS
Materials specified Contributor biographical information
Uniform Resource Identifier <a href="http://www.loc.gov/catdir/bios/hol052/2002030260.html">http://www.loc.gov/catdir/bios/hol052/2002030260.html</a>
856 42 - ELECTRONIC LOCATION AND ACCESS
Materials specified Publisher description
Uniform Resource Identifier <a href="http://www.loc.gov/catdir/description/hol031/2002030260.html">http://www.loc.gov/catdir/description/hol031/2002030260.html</a>
906 ## - LOCAL DATA ELEMENT F, LDF (RLIN)
a 7
b cbc
c orignew
d 1
e ocip
f 20
g y-gencatlg
942 ## - ADDED ENTRY ELEMENTS (KOHA)
Source of classification or shelving scheme
Koha item type Book
Holdings
Withdrawn status Lost status Source of classification or shelving scheme Damaged status Not for loan Home library Current library Date acquired Source of acquisition Total Checkouts Full call number Barcode Date last seen Date checked out Copy number Price effective from Koha item type Total Renewals
          Riara University Library Riara University Library 24/10/2011 Purchase 1 P302.C75 2003 2451/11 28/01/2016 21/01/2016 C.1 24/10/2011 Book  
          Riara University Library Riara University Library 24/10/2011 Purchase   P302.C75 2003 2452/11 24/10/2011   C.2 24/10/2011 Book  
          Riara University Library Riara University Library 24/10/2011 Purchase 2 P302.C75 2003 2453/11 05/10/2016 15/09/2016 C.3 24/10/2011 Book 1

Riara University Library,
P.O. Box 49940-00100,
Nairobi, Kenya.